Biokimia klinik : gangguan metabolisme karbohidrat

Bibliographic Details
Main Author: Halimah Abdullah Sani
Format: Book
Published: Kuala Lumpur : DBP , 1989
Subjects:

MARC

LEADER 00000cam a2200000 7i4500
001 0000000550
002 000000636
005 20000330.0
020 |a T000000134 
090 0 0 |a 574.19   |b HAL 
100 0 |a Halimah Abdullah Sani 
245 1 0 |a Biokimia klinik :   |b gangguan metabolisme karbohidrat   |c Halimah Abdullah Sani 
260 |a Kuala Lumpur :   |b DBP ,   |c 1989 
300 |a 42p 
650 0 0 |a Biochemistry#   |a Metabolism 
999 |a 14563   |b BUKU   |c PINJAMAN   |e PERPUSTAKAAN KOMUNITI PETALING JAYA